Normal view
MARC view
- راشد، أحمد إسماعيل
Entry Personal Name
001 - CONTROL NUMBER
- control field: 13665
003 - CONTROL NUMBER IDENTIFIER
- control field: JO-AjAnu
005 - DATE AND TIME OF LATEST TRANSACTION
- control field: 20230606072502.0
008 - FIXED-LENGTH DATA ELEMENTS
- fixed length control field: 230606|| aca||aabn | a|a d
040 ## - CATALOGING SOURCE
- Original cataloging agency: JO-AjAnu
- Transcribing agency: JO-AjAnu
100 ## - HEADING--PERSONAL NAME
- Personal name: راشد، أحمد إسماعيل
670 ## - SOURCE DATA FOUND
- Source citation: Work cat.: (JO-AjAnu)7029: راشد، أحمد إسماعيل, author, تاريخ أقطار المغرب العربي السياسي الحديث والمعاصر (ليبيا، تونس، الجزائر، المغرب، موريتانيا)